000 00600nam a2200205Ia 4500
005 20260629163254.0
008 260629s9999||||xx |||||||||||||| ||und||
020 _a9780143456476
_qpbk
082 _a332.6322
_bPAU
100 _aPaul, Prasenjit
245 0 _aMultibagger stocks : how to multiply wealth in the share market
260 _aGurugram
_bPenguin Random House India
_c2023
300 _axvi, 182p. ; 20cm.
653 _aInvestment analysis
653 _aPortfolio management
653 _aStock market—India
653 _aStock trading
653 _aValue investing
942 _cBK
999 _c57277
_d57277